000 00392pab a2200157 454500
008 180718b2001 xxu||||| |||| 00| 0 eng d
100 _aKrebs, Timothy B.
245 _aFund-raising coalitions in Mayoral campaigns
260 _c2001
300 _ap.67-84.
362 _aSep
650 _aLocal government
700 _aPelissero, John
773 _aUrban Affairs Review
909 _a51927
999 _c51927
_d51927